00489nam a2200121Ia 4500008004100000100001800041245006500059245004900124260000900173300003400182440004400216650010700260171207s9999 xx 000 0 und d aCooper, Ricky aHigh-frequency trading and conflict in the financial markets cRicky Cooper, Jonathan Seddon, Ben Van Vliet c2017 apages 270-282, September 2017 aJournal of Information Technologyv32:3 afinancialization information technology marketplace lending peer-to-peer lending credit intermediation